Personnages Star Wars - The Acolyte - S1 - Statistiques

Statistiques générales
  • Ce quiz a été pris 18 fois
  • Le résultat moyen est 8 sur 23
Statistiques - réponses
Par images Réponse % Correct
Qimir
88%
Ki-Adi-Mundi
75%
Osha
69%
Mae
63%
Sol
63%
Torbin
56%
Vernestra Rwoh
56%
Indara
44%
Jecki Lon
44%
Kelnacca
44%
Yord Fandar
38%
Koril
31%
Mog Adana
25%
Tasi Lowa
13%
Aniseaya
6%
Eurus
6%
Fillik
6%
Holden
6%
Lackshay
6%
Rane
6%
Rayencourt
6%
Sarria
6%
Shima
6%
Aucun quiz correspondant
Distribution des résultats
% des personnes avec chaque résultat
Percentile par nombre de réponses
Votre historique - résultats
Vous n’avez pas pris ce quiz